FID news bulletin

Enregistré dans:
Détails bibliographiques
Format: Publication en série
Langue:anglais
Publié: Hague International Federation for Information and Documentation 1974
Tags: Ajouter un tag
Pas de tags, Soyez le premier à ajouter un tag!

MARC

LEADER 00000nas2a2200000$$$4500
001 0010942
005 20250730114258.5
041 0 |a eng 
044 |a NL 
245 1 0 |a FID news bulletin 
264 1 |a Hague  |b International Federation for Information and Documentation  |c 1974 
300 |a 1 zv. 
773 0 |w eu_un_cat*0010932